| 000 -LEADER |
| fixed length control field |
00687cam a2200193 i 4500 |
| 020 ## - INTERNATIONAL STANDARD BOOK NUMBER |
| ISBN |
9780073385631 (complete : alk. paper) |
| 020 ## - INTERNATIONAL STANDARD BOOK NUMBER |
| ISBN |
0073385638 (complete : alk. paper) |
| 020 ## - INTERNATIONAL STANDARD BOOK NUMBER |
| ISBN |
9780077275600 (volume 1 : alk. paper) |
| 020 ## - INTERNATIONAL STANDARD BOOK NUMBER |
| ISBN |
0077275608 (volume 1 : alk. paper) |
| 020 ## - INTERNATIONAL STANDARD BOOK NUMBER |
| ISBN |
9780077275617 (volume 2 : alk. paper) |
| 020 ## - INTERNATIONAL STANDARD BOOK NUMBER |
| ISBN |
0077275616 (volume 2 : alk. paper) |
| 040 ## - CATALOGING SOURCE |
| Transcribing agency |
DLC |
| 082 00 - DEWEY DECIMAL CLASSIFICATION NUMBER |
| Classification number |
973 MCG 2015 A115 Or. |
| 100 1# - MAIN ENTRY--AUTHOR NAME |
| Personal name |
Henkin, David M. |
| 245 10 - TITLE STATEMENT |
| Title |
Becoming America : |
| Remainder of title |
a history for the 21st century / |
| 300 ## - PHYSICAL DESCRIPTION |
| Number of Pages |
xxxi, 912, A-16, G-8, C-6, I-38 pages : |
| Other physical details |
illustrations, maps, portraits ; |
| Dimensions |
29 cm |
| 700 1# - ADDED ENTRY--PERSONAL NAME |
| Personal name |
McLennan, Rebecca M., |
| 942 ## - ADDED ENTRY ELEMENTS (KOHA) |
| Koha item type |
ADB |
| 952 ## - LOCATION AND ITEM INFORMATION (KOHA) |
| Withdrawn status [LOCAL, KOHA] |
0 |
| 952 ## - LOCATION AND ITEM INFORMATION (KOHA) |
| Withdrawn status [LOCAL, KOHA] |
0 |
| 952 ## - LOCATION AND ITEM INFORMATION (KOHA) |
| Withdrawn status [LOCAL, KOHA] |
0 |
| 952 ## - LOCATION AND ITEM INFORMATION (KOHA) |
| Withdrawn status [LOCAL, KOHA] |
0 |